| 000 | 00415nam a2200169Ia 4500 | ||
|---|---|---|---|
| 008 | 230917s9999||||xx |||||||||||||| ||und|| | ||
| 020 | _cPOU15 | ||
| 040 |
_e19966 _aMAIN |
||
| 041 | _aEnglish | ||
| 082 | _a301.51 W391I | ||
| 100 | _aWebster, Andrew | ||
| 245 | 0 | _aIntroduction to the sociology of development | |
| 250 | _a1st ed. | ||
| 260 |
_aLondon _bMacmillan _c1984 |
||
| 300 | _axiii,221 p. | ||
| 942 | _cBK | ||
| 999 |
_c47558 _d47558 |
||